[Event "SIO (Open)"]
[Site "Twin Falls, ID"]
[Date "2015.11.14"]
[Round "2.2"]
[White "Glenn, John Dennis"]
[Black "Roland, Jeffrey T"]
[Result "0-1"]
[WhiteElo "1868"]
[BlackElo "1700"]
[PlyCount "36"]
[EventDate "2015.11.14"]
[EventRounds "4"]
[EventCountry "USA"]

1. d4 Nf6 2. c4 g6 3. Nc3 d5 4. cxd5 Nxd5 5. e4 Nxc3 6. bxc3 Bg7 7. Nf3 O-O 8.
Be3 c5 9. Rc1 cxd4 10. cxd4 Bg4 11. Qd2 Nc6 12. d5 Bxf3 13. gxf3 Ne5 14. Be2
Qd7 15. h4 Rac8 16. Rxc8 Rxc8 17. h5 Nxf3+ 18. Bxf3 Bc3 0-1

[Event "SIO (Open)"]
[Site "Twin Falls, ID"]
[Date "2015.11.14"]
[Round "2.1"]
[White "Hawkins, Nicholas B"]
[Black "Morrow, Hans M"]
[Result "1-0"]
[WhiteElo "1713"]
[BlackElo "1900"]
[PlyCount "67"]
[EventDate "2015.11.14"]
[EventRounds "4"]
[EventCountry "USA"]

1. e4 c5 2. Nf3 d6 3. d4 cxd4 4. Nxd4 Nf6 5. Nc3 a6 6. Bc4 e6 7. f3 Qc7 8. Bb3
Nc6 9. Be3 Be7 10. Qd2 O-O 11. g4 Na5 12. O-O-O Nxb3+ 13. axb3 b5 14. h4 Rd8
15. h5 d5 16. g5 Ne8 17. e5 Bb4 18. g6 Bxc3 19. gxh7+ Kxh7 20. Qd3+ Kg8 21.
bxc3 Bd7 22. f4 Rdc8 23. Kb2 Rab8 24. Nf3 b4 25. c4 Bc6 26. Ng5 dxc4 27. Qh7+
Kf8 28. Bc5+ Nd6 29. Bxd6+ Qxd6 30. exd6 c3+ 31. Kb1 Ke8 32. Qg8+ Kd7 33. Qxf7+
Kd8 34. Nxe6# 1-0

[Event "SIO (Open)"]
[Site "Twin Falls, ID"]
[Date "2015.11.14"]
[Round "3.6"]
[White "Nyblade, Wesley"]
[Black "Zaklan, David"]
[Result "0-1"]
[WhiteElo "1516"]
[BlackElo "1475"]
[PlyCount "78"]
[EventDate "2015.11.14"]
[EventRounds "4"]
[EventCountry "USA"]

1. d4 c6 2. c4 d5 3. Nc3 Nf6 4. cxd5 cxd5 5. Bg5 e6 6. Nf3 Be7 7. e3 O-O 8. Bd3
a6 9. O-O Nc6 10. a3 b5 11. b4 Bb7 12. Rc1 Rc8 13. Qc2 g6 14. Bh6 Re8 15. h3
Bf8 16. Bxf8 Rxf8 17. Qd2 Qd6 18. Rfd1 Rc7 19. e4 dxe4 20. Nxe4 Nxe4 21. Bxe4
Rfc8 22. Qh6 Qf8 23. Qe3 Nd8 24. Bxb7 Nxb7 25. Rxc7 Rxc7 26. h4 Qc8 27. h5 Rc3
28. Rd3 Rc1+ 29. Kh2 Qc7+ 30. g3 Qc6 31. h6 Rc2 32. d5 exd5 33. Rxd5 Rxf2+ 34.
Kg1 Rc2 35. Re5 Rc1+ 36. Kh2 Nd6 37. Kh3 Rc3 38. Qd4 Rxf3 39. Re8+ Nxe8 0-1

[Event "SIO (Open)"]
[Site "Twin Falls, ID"]
[Date "2015.11.14"]
[Round "4.1"]
[White "Derryberry, De Wayne R"]
[Black "Hawkins, Nicholas B"]
[Result "1/2-1/2"]
[WhiteElo "1706"]
[BlackElo "1713"]
[PlyCount "68"]
[EventDate "2015.11.14"]
[EventRounds "4"]
[EventCountry "USA"]

1. d4 Nf6 2. f4 e6 3. Nf3 c5 4. e3 b6 5. Bd3 Bb7 6. O-O Be7 7. Qe2 d5 8. c3 O-O
9. Ne5 Ne4 10. Nd2 f5 11. Rf3 Nc6 12. Rh3 Nxe5 13. fxe5 Qe8 14. Bb5 Qf7 15. Rf3
Nxd2 16. Bxd2 a6 17. Bd3 c4 18. Bc2 Qe8 19. Kh1 Bc6 20. g4 fxg4 21. Rxf8+ Bxf8
22. Qxg4 Ra7 23. Rg1 g6 24. Be1 Bh6 25. Qh3 Bg7 26. Bg3 Rf7 27. Bf4 Bd7 28. Qg3
Qf8 29. h4 Bh6 30. Bxg6 hxg6 31. Qxg6+ Bg7 32. h5 Rxf4 33. exf4 Kh8 34. Rg4 Bh6
1/2-1/2

[Event "SIO (Open)"]
[Site "Twin Falls, ID"]
[Date "2015.11.14"]
[Round "4.2"]
[White "Morrow, Hans M"]
[Black "Roland, Jeffrey T"]
[Result "0-1"]
[WhiteElo "1900"]
[BlackElo "1700"]
[PlyCount "90"]
[EventDate "2015.11.14"]
[EventRounds "4"]
[EventCountry "USA"]

1. d4 d5 2. c4 e6 3. Nf3 Nf6 4. Nc3 Be7 5. Qc2 O-O 6. Bf4 Nbd7 7. e3 c5 8. Bd3
cxd4 9. exd4 dxc4 10. Bxc4 Nb6 11. Bb3 Bd7 12. O-O Rc8 13. Qd3 a6 14. Rfe1 Nbd5
15. Nxd5 Nxd5 16. Bxd5 exd5 17. Qb3 Bc6 18. Re3 Bf6 19. Rae1 Qa5 20. Bg5 Bxg5
21. Nxg5 h6 22. Nf3 Qd8 23. h3 Bb5 24. a4 Bc4 25. Qa3 a5 26. b3 Ba6 27. g3 Qf6
28. Kg2 g5 29. Qb2 Qf5 30. Rc3 f6 31. Qd2 Rxc3 32. Qxc3 Rc8 33. Qxa5 Bd3 34. g4
Qd7 35. Qb4 Be4 36. Re3 f5 37. gxf5 Qxf5 38. Qxb7 g4 39. hxg4 Qxg4+ 40. Kf1
Qh3+ 41. Ke2 Rc2+ 42. Kd1 Qh1+ 43. Ne1 Qh5+ 44. f3 Qh2 45. Qa8+ Kf7 0-1

[Event "Oregon Junior Closed Chess Championship"]
[Site "Portland Chess Club, PDX."]
[Date "2015.11.29"]
[Round "5"]
[White "Jeff Austin"]
[Black "Aaron Grabinsky"]
[Result "1-0"]
[WhiteElo "1891"]
[BlackElo "2312"]
[PlyCount "149"]
[EventDate "2015.??.??"]

1. d4 e6 2. c4 Bb4+ 3. Bd2 Bxd2+ 4. Qxd2 Nf6 5. Nf3 d5 6. Nc3 O-O 7. e3 Qe7 8.
Rc1 Rd8 9. cxd5 exd5 10. Bd3 Nc6 11. h3 Ne4 12. Qd1 Bf5 13. a3 a6 14. O-O Rd6
15. Qb3 Nd2 16. Nxd2 Bxd3 17. Nxd5 Qe6 18. Qxd3 Qxd5 19. Qe4 Qb5 20. Rc5 Qe2
21. Qc2 Rg6 22. Nf3 Qxc2 23. Rxc2 Rd6 24. Rfc1 Rad8 25. Rc4 f5 26. b4 R8d7 27.
g3 Kf8 28. Ne1 Re7 29. Nd3 Ke8 30. a4 Rd5 31. Nf4 Rdd7 32. Nd3 Rd5 33. Nf4 Rdd7
34. Nd3 Rd5 35. Kg2 g6 36. Nf4 Rdd7 37. Nd3 Rd5 38. Rb1 Na7 39. Rc5 Rd6 40. Ne5
Nc8 41. b5 a5 42. Rbc1 Kd8 43. Nc4 Rf6 44. Nxa5 Nd6 45. Nc4 Ne4 46. Rd5+ Ke8
47. Re5 Rff7 48. a5 Rf6 49. Ra1 Rxe5 50. dxe5 Rf8 51. b6 cxb6 52. Nxb6 Ke7 53.
Rc1 Ke6 54. Rc7 Rd8 55. Rxb7 Rd2 56. a6 Rxf2+ 57. Kg1 Rd2 58. a7 Ng5 59. Re7+
Kxe7 60. a8=Q h5 61. Qb7+ Kf8 62. Nd7+ Ke7 63. Nc5+ Ke8 64. Qc8+ Kf7 65. e6+
Kg7 66. Qd7+ Kf6 67. Qb7 Nxh3+ 68. Kf1 Ng5 69. e7 Kf7 70. Nb3 Rd6 71. Nd4 Ne4
72. Qc7 Ke8 73. Nc6 Rd1+ 74. Ke2 Nc3+ 75. Kf3 1-0

[Event "2015 WA vs. OR State Champions Match"]
[Site "Seattle, WA"]
[Date "2015.11.13"]
[Round "1"]
[White "Feng, Roland"]
[Black "Raptis, Nick"]
[Result "1/2-1/2"]
[WhiteElo "2403"]
[BlackElo "2378"]
[PlyCount "183"]
[EventDate "2015.11.13"]
[EventType "match"]
[EventRounds "6"]
[EventCountry "USA"]

1. d4 Nf6 2. c4 g6 3. Nc3 Bg7 4. Bg5 O-O 5. Nf3 d6 6. e3 c5 7. d5 h6 8. Bh4 Bf5
9. Nd2 Qb6 10. Qc1 g5 11. Bg3 Nh5 12. Be2 Nxg3 13. hxg3 Nd7 14. a4 Qd8 15. g4
Bg6 16. Nde4 Qa5 17. O-O Be5 18. f4 gxf4 19. exf4 Bd4+ 20. Kh1 f5 21. gxf5 Bxf5
22. g4 Bh7 23. f5 Bg7 24. Qc2 Kh8 25. Ra3 Ne5 26. Nd1 Nf7 27. Rh3 Bf6 28. Ndf2
Rg8 29. Nd3 Ng5 30. Nxg5 hxg5 31. Kg2 Rg7 32. Rfh1 Rf8 33. Nf2 Rff7 34. Ne4 Qb4
35. Bd1 b6 36. b3 Qa3 37. Re1 Be5 38. Rh5 Bf4 39. f6 exf6 40. Nxf6 Be5 41. Nxh7
Rxh7 42. Reh1 Rxh5 43. Rxh5+ Kg8 44. Rxg5+ Kf8 45. Rf5 Qb2 46. Qxb2 Bxb2 47.
Rh5 Rf4 48. g5 Rd4 49. Be2 Rd2 50. Kf1 Kg7 51. Rh6 Be5 52. Re6 Rb2 53. Bh5 Rxb3
54. Re7+ Kf8 55. Rf7+ Kg8 56. Rxa7 Rb4 57. Bg4 Rxc4 58. Be6+ Kf8 59. Rf7+ Ke8
60. g6 Rc1+ 61. Kg2 Rc2+ 62. Kf3 Rc3+ 63. Kg4 Rg3+ 64. Kh5 c4 65. Bd7+ Kd8 66.
Bg4 c3 67. g7 Rxg4 68. Kxg4 Bxg7 69. Rf4 Kc7 70. Kf3 Be5 71. Rf7+ Kb8 72. Ke2
Kc8 73. Kd3 Kb8 74. Re7 Kc8 75. Kc2 Kb8 76. Rh7 Kc8 77. Kb3 Kb8 78. Re7 Kc8 79.
Rh7 Kb8 80. Rh4 Kb7 81. Rb4 Ka6 82. Re4 b5 83. axb5+ Kxb5 84. Rc4 Bf6 85. Rc6
Be5 86. Ka3 Bd4 87. Kb3 Be5 88. Kc2 Kb4 89. Kd3 Kb5 90. Kc2 Kb4 91. Kd3 Kb5 92.
Kc2 1/2-1/2

[Event "2015 WA vs. OR State Champions Match"]
[Site "Seattle, WA"]
[Date "2015.11.14"]
[Round "2"]
[White "Raptis, Nick"]
[Black "Feng, Roland"]
[Result "1/2-1/2"]
[WhiteElo "2378"]
[BlackElo "2403"]
[PlyCount "120"]
[EventDate "2015.11.13"]
[EventType "match"]
[EventRounds "6"]
[EventCountry "USA"]

1. e4 e6 2. d4 d5 3. Nc3 Nf6 4. e5 Nfd7 5. f4 c5 6. Nf3 Nc6 7. Be3 a6 8. Qd2 b5
9. dxc5 Bxc5 10. Bxc5 Nxc5 11. Bd3 Qb6 12. Qf2 b4 13. Ne2 Na4 14. Qxb6 Nxb6 15.
Ned4 Nxd4 16. Nxd4 Bd7 17. a3 bxa3 18. Rxa3 a5 19. b3 Ke7 20. Kd2 a4 21. bxa4
Rxa4 22. Rxa4 Nxa4 23. Rb1 Nc5 24. Ra1 Rb8 25. Ra7 Rb7 26. Rxb7 Nxb7 27. Kc3 h6
28. h4 Nd8 29. Kb4 f6 30. Kc5 fxe5 31. fxe5 Nf7 32. Nf3 g5 33. hxg5 hxg5 34.
Kd4 Nd8 35. g4 Nf7 36. Bg6 Nh6 37. Bh5 Ba4 38. Kd3 Bb5+ 39. Ke3 Ba4 40. Kd2 Be8
41. Nxg5 Bxh5 42. gxh5 Ng4 43. Nf3 Kf7 44. Kd3 Kg7 45. Kd4 Kh6 46. Kc5 Ne3 47.
Nd4 Nc4 48. Nxe6 Nxe5 49. Kxd5 Ng4 50. Kd4 Kxh5 51. c4 Kg6 52. c5 Kf6 53. Kd5
Ne3+ 54. Kd6 Nc4+ 55. Kd7 Ne5+ 56. Kd6 Nc4+ 57. Kd5 Ne3+ 58. Kd4 Kxe6 59. Kxe3
Kd5 60. Kd3 Kxc5 1/2-1/2

[Event "2015 WA vs. OR State Champions Match"]
[Site "Seattle, WA"]
[Date "2015.11.14"]
[Round "3"]
[White "Feng, Roland"]
[Black "Raptis, Nick"]
[Result "1-0"]
[WhiteElo "2403"]
[BlackElo "2378"]
[PlyCount "111"]
[EventDate "2015.11.13"]
[EventType "match"]
[EventRounds "6"]
[EventCountry "USA"]

1. d4 d6 2. Nf3 Bg4 3. e3 Nd7 4. h3 Bh5 5. c4 c6 6. Nc3 e5 7. Be2 Ngf6 8. O-O
Be7 9. b3 O-O 10. Bb2 Re8 11. dxe5 dxe5 12. Nxe5 Nxe5 13. Bxh5 Nd3 14. Na4 Nxb2
15. Nxb2 Nxh5 16. Qxh5 Qd2 17. Rab1 Bf6 18. Rfd1 Qc2 19. Rdc1 Qd2 20. Qf5 Bxb2
21. Rc2 Qb4 22. Rcxb2 Rad8 23. Qc2 Re6 24. Rd1 Red6 25. Rbb1 Rd2 26. Rxd2 Rxd2
27. Qe4 g6 28. Qe8+ Qf8 29. Qe5 Qd8 30. Rb2 Rxb2 31. Qxb2 Qd1+ 32. Kh2 Qd6+ 33.
f4 b6 34. Qd4 Qa3 35. e4 Qxa2 36. f5 Qa3 37. f6 Qf8 38. e5 Qe8 39. Qd6 h5 40.
Qe7 Qc8 41. Kg3 a5 42. Kh4 b5 43. g4 hxg4 44. hxg4 a4 45. bxa4 bxa4 46. Qa7 Qe8
47. Qe7 Qc8 48. Kg5 Qa8 49. c5 Qf8 50. e6 a3 51. Qa7 a2 52. e7 Qc8 53. Qxa2 Qb8
54. Qb2 Qe8 55. Kh6 Kh8 56. Qd4 1-0

[Event "2015 WA vs. OR State Champions Match"]
[Site "Seattle, WA"]
[Date "2015.11.14"]
[Round "4"]
[White "Raptis, Nick"]
[Black "Feng, Roland"]
[Result "1-0"]
[WhiteElo "2378"]
[BlackElo "2403"]
[PlyCount "111"]
[EventDate "2015.11.13"]
[EventType "match"]
[EventRounds "6"]
[EventCountry "USA"]

1. e4 e6 2. d4 d5 3. Nc3 dxe4 4. Nxe4 Nd7 5. Nf3 Ngf6 6. Bg5 Be7 7. Nxf6+ Nxf6
8. Bd3 h6 9. Bh4 c5 10. O-O cxd4 11. Nxd4 O-O 12. Re1 Nd5 13. Bxe7 Qxe7 14. Qf3
Qf6 15. Qxf6 Nxf6 16. Rad1 Bd7 17. Bc4 Rac8 18. Bb3 Rfd8 19. c3 Kf8 20. f3 Ng8
21. Kf2 Ne7 22. Re2 a6 23. Red2 Ke8 24. g3 Nc6 25. f4 Nxd4 26. Rxd4 Bc6 27. Ke3
Rxd4 28. Rxd4 Ke7 29. Bc2 Rd8 30. Rxd8 Kxd8 31. Kd4 Kd7 32. c4 b6 33. c5 b5 34.
b4 f6 35. h4 Ke7 36. Be4 Bxe4 37. Kxe4 Kd7 38. Kf3 Kc7 39. Kg4 Kc6 40. Kh5 Kd5
41. Kg6 e5 42. fxe5 fxe5 43. Kf5 e4 44. c6 g6+ 45. Kf4 Kxc6 46. Kxe4 Kd6 47.
Kd4 Ke6 48. g4 Kd6 49. h5 gxh5 50. gxh5 Ke6 51. Kc5 Kf5 52. Kb6 Kg5 53. Kxa6
Kxh5 54. Kxb5 Kg4 55. a4 h5 56. a5 1-0

[Event "2015 WA vs. OR State Champions Match"]
[Site "Seattle, WA"]
[Date "2015.11.15"]
[Round "5"]
[White "Feng, Roland"]
[Black "Raptis, Nick"]
[Result "1-0"]
[WhiteElo "2403"]
[BlackElo "2378"]
[PlyCount "131"]
[EventDate "2015.11.13"]
[EventType "match"]
[EventRounds "6"]
[EventCountry "USA"]

1. d4 Nf6 2. c4 g6 3. Nc3 Bg7 4. Bg5 O-O 5. Nf3 c5 6. d5 b5 7. cxb5 a6 8. bxa6
Bxa6 9. e4 Bxf1 10. Kxf1 d6 11. h3 Nbd7 12. Kg1 Qa5 13. Qc2 Rfb8 14. Rb1 Nb6
15. b3 Ne8 16. Bd2 Qa3 17. Kh2 Nc7 18. Rhd1 Nd7 19. Bc1 Qa5 20. Bb2 Bxc3 21.
Bxc3 Qxa2 22. Rb2 Qa3 23. Rbb1 Qa2 24. Qd3 Rxb3 25. Ra1 Qxa1 26. Rxa1 Rxa1 27.
Qc2 Rxc3 28. Qxc3 Ra8 29. Qb3 Rb8 30. Qa4 Nb5 31. Nd2 Nf6 32. Qb3 Nd7 33. f4
Kf8 34. Nc4 Nd4 35. Qa4 Nf6 36. e5 dxe5 37. Qa7 Rd8 38. d6 exd6 39. fxe5 Ne8
40. exd6 Nxd6 41. Qxc5 N4b5 42. Ne5 Kg7 43. Nc6 Re8 44. Nd4 Nxd4 45. Qxd4+ f6
46. Qxd6 Re5 47. Kg3 h5 48. Qd7+ Kg8 49. Qa7 Rg5+ 50. Kh2 Re5 51. Qd7 h4 52.
Kg1 g5 53. Kf2 Kf8 54. Kf3 Re7 55. Qd8+ Kf7 56. Kg4 Re8 57. Qd5+ Kg6 58. Qf5+
Kf7 59. Qd7+ Re7 60. Qd5+ Kg6 61. Qf5+ Kg7 62. Kh5 Kf7 63. Qg6+ Ke6 64. Qg8+
Kf5 65. Qd5+ Re5 66. Qf3+ 1-0

[Event "2015 WA vs. OR State Champions Match"]
[Site "Seattle, WA"]
[Date "2015.11.15"]
[Round "6"]
[White "Raptis, Nick"]
[Black "Feng, Roland"]
[Result "1/2-1/2"]
[WhiteElo "2378"]
[BlackElo "2403"]
[PlyCount "53"]
[EventDate "2015.11.13"]
[EventType "match"]
[EventRounds "6"]
[EventCountry "USA"]

1. e4 e6 2. d4 d5 3. Nc3 dxe4 4. Nxe4 Nd7 5. Nf3 Ngf6 6. Nxf6+ Nxf6 7. c3 Be7
8. Bd3 O-O 9. O-O b6 10. Qe2 Bb7 11. Bf4 Rc8 12. Ne5 c5 13. dxc5 Rxc5 14. Rfd1
Qa8 15. f3 Nh5 16. Bd2 Rd8 17. f4 Rxe5 18. fxe5 Bc5+ 19. Kf1 Rxd3 20. Qxd3
Bxg2+ 21. Ke1 Be4 22. Qe2 Bf3 23. Qd3 Be4 24. Qe2 Bf3 25. Qd3 Be4 26. Qe2 Bf3
27. Qd3 1/2-1/2

[Event "WA Class Championships"]
[Site "Seattle, WA"]
[Date "2015.11.28"]
[Round "3"]
[White "William Schill"]
[Black "Samuel He"]
[Result "1-0"]
[WhiteElo "2264"]
[BlackElo "2218"]
[PlyCount "51"]
[EventDate "2015.11.27"]
[EventType "swiss"]
[EventRounds "6"]
[EventCountry "USA"]

1. e4 d6 2. d4 Nf6 3. Nc3 c6 4. f4 Qa5 5. Bd3 e5 6. Nf3 exd4 7. Nxd4 g6 8. Nb3
Qc7 9. a4 b6 10. O-O Bg7 11. Qe1 O-O 12. Qh4 Nbd7 13. f5 a6 14. Bg5 Bb7 15. e5
dxe5 16. Ne4 Nxe4 17. Bxe4 c5 18. f6 Bh8 19. Nd2 Rfd8 20. Bxb7 Qxb7 21. Rae1
Nxf6 22. Nf3 Rd6 23. Nxe5 Rd4 24. g4 Nxg4 25. Rxf7 Qxf7 26. Nxf7 1-0

[Event "WA Class Championships"]
[Site "Seattle, WA"]
[Date "2015.12.01"]
[Round "6"]
[White "Pothukuchi, Revanth"]
[Black "Zhang, Jason"]
[Result "0-1"]
[WhiteElo "1516"]
[BlackElo "1509"]
[PlyCount "104"]
[EventDate "2015.11.27"]
[EventType "swiss"]
[EventRounds "6"]
[EventCountry "USA"]

1. e4 e5 2. Nf3 Nc6 3. d4 exd4 4. Bc4 Nf6 5. O-O Be7 6. e5 Ng4 7. Re1 d6 8.
exd6 Qxd6 9. h3 Nf6 10. Bg5 O-O 11. Bh4 Bf5 12. a3 Rae8 13. Bg3 Qd7 14. Bb5 Bc5
15. Ne5 Qe6 16. Nd2 Qc8 17. Nxc6 bxc6 18. Bxc6 Rxe1+ 19. Qxe1 Bxc2 20. Rc1 d3
21. Bh4 Bd4 22. Bxf6 Bxf6 23. Nc4 Qa6 24. Bd5 c6 25. Bxf7+ Rxf7 26. Qe8+ Rf8
27. Qe6+ Kh8 28. Nd6 h6 29. Nf7+ Rxf7 30. Qxf7 d2 31. Ra1 d1=Q+ 32. Rxd1 Bxd1
33. Qe8+ Kh7 34. Qe4+ g6 35. Qe8 Qe2 36. Qxe2 Bxe2 37. b4 Bd1 38. Kf1 Bb3 39.
Ke2 Bb2 40. Kd2 Bxa3 41. Kc3 Bd5 42. g3 c5 43. bxc5 Bxc5 44. Kb2 Bxf2 45. Ka1
a5 46. h4 a4 47. h5 a3 48. Kb1 a2+ 49. Kc2 a1=Q 50. Kd3 Qd4+ 51. Ke2 Qe3+ 52.
Kd1 Bb3# 0-1

[Event "USCL Week 2"]
[Site "Internet Chess Club"]
[Date "2015.09.01"]
[Round "?"]
[White "Bartholomew, John"]
[Black "Orlov, Georgi"]
[Result "1-0"]
[WhiteElo "2555"]
[BlackElo "2528"]
[PlyCount "75"]
[EventDate "2015.??.??"]

1. d4 Nf6 2. c4 Nc6 3. Nf3 e6 4. Nc3 Bb4 5. Qc2 d6 6. Bd2 O-O 7. a3 Bxc3 8.
Bxc3 Qe7 9. e3 e5 10. d5 Nb8 11. Nd2 Ng4 12. Bd3 f5 13. h3 Qh4 14. Nf3 Qh6 15.
O-O-O Nxe3 16. fxe3 e4 17. Bxe4 Qxe3+ 18. Nd2 fxe4 19. Rde1 Qh6 20. Qxe4 Bf5
21. Qe3 Qg6 22. g4 Bd7 23. h4 Re8 24. h5 Qf7 25. Qd4 Na6 26. Ref1 Qe7 27. h6
Nc5 28. hxg7 Qe5 29. Qxe5 Nd3+ 30. Kb1 Nxe5 31. Ne4 Nxg4 32. Ng5 h6 33. Nf7 Kh7
34. Nxh6 Nxh6 35. Rf6 Kxg7 36. Rxd6+ Kf8 37. Rxd7 Nf7 38. Rf1 1-0

[Event "USCL Week 2"]
[Site "Internet Chess Club"]
[Date "2015.09.01"]
[Round "?"]
[White "Lee, Michael"]
[Black "Nagle, Sean"]
[Result "1-0"]
[WhiteElo "2503"]
[BlackElo "2542"]
[PlyCount "61"]
[EventDate "2015.??.??"]

1. c4 g6 2. Nc3 Bg7 3. g3 c5 4. Bg2 Nc6 5. Nf3 a6 6. O-O Rb8 7. e3 d6 8. d4 Bg4
9. dxc5 dxc5 10. Qxd8+ Rxd8 11. Na4 Na5 12. Nd2 b5 13. cxb5 axb5 14. Nxc5 Nf6
15. h3 Bd7 16. b4 Nc6 17. Rb1 e6 18. Bb2 Ke7 19. Nxd7 Rxd7 20. Bxc6 Rxd2 21.
Bxb5 Rhd8 22. a4 Bh6 23. Bc6 Nh5 24. b5 R8d3 25. Bc1 Ra2 26. b6 Rd8 27. b7 Rb8
28. Rd1 Nf6 29. Bb2 Nd5 30. Bxd5 exd5 31. Be5 1-0

[Event "USCL Week 2"]
[Site "Internet Chess Club"]
[Date "2015.09.01"]
[Round "?"]
[White "Wasiluk, Kevin"]
[Black "Golub, David"]
[Result "0-1"]
[WhiteElo "2317"]
[BlackElo "2321"]
[PlyCount "64"]
[EventDate "2015.??.??"]

1. d4 Nf6 2. c4 c5 3. d5 b5 4. cxb5 a6 5. bxa6 g6 6. Nc3 Bg7 7. e3 O-O 8. Nf3
Qa5 9. Nd2 Bxa6 10. Nc4 Bxc4 11. Bxc4 Ne4 12. Bd2 Nxd2 13. Qxd2 d6 14. O-O Nd7
15. a4 Rfb8 16. Ra3 Qb4 17. Bd3 Nb6 18. Rfa1 Nxd5 19. Bf1 Nc7 20. R3a2 d5 21.
Qc2 c4 22. a5 e6 23. a6 Ra7 24. Nd1 Qb6 25. e4 Rxa6 26. Ne3 Rxa2 27. Rxa2 Bd4
28. exd5 exd5 29. Qd2 Re8 30. Nc2 Bxb2 31. Qf4 Be5 32. Qg4 Qb3 0-1

[Event "USCL Week 2"]
[Site "Internet Chess Club"]
[Date "2015.09.01"]
[Round "?"]
[White "Schill, William"]
[Black "Titus, Andrew"]
[Result "1-0"]
[WhiteElo "2236"]
[BlackElo "2189"]
[PlyCount "137"]
[EventDate "2015.??.??"]

1. e4 c5 2. Nf3 d6 3. d4 cxd4 4. Nxd4 Nf6 5. Nc3 a6 6. Bg5 e6 7. f4 Be7 8. Qf3
Nbd7 9. O-O-O Qc7 10. f5 Ne5 11. Qh3 Nfg4 12. Bxe7 Qxe7 13. Qg3 Qg5+ 14. Kb1
Qe3 15. Nf3 Qf2 16. Rxd6 Qxg3 17. hxg3 Ke7 18. Nxe5 Nxe5 19. Rd4 h6 20. Be2 Bd7
21. Rh5 Nc6 22. Rd1 Rhd8 23. Bf3 Be8 24. Rhh1 Ne5 25. Kc1 Rxd1+ 26. Rxd1 Rd8
27. Rxd8 Kxd8 28. fxe6 fxe6 29. Be2 Ke7 30. Kd2 Kd6 31. Ke3 Kc5 32. a3 g5 33.
Nd1 Kd6 34. Nf2 a5 35. Kd4 Nc6+ 36. Ke3 Ne5 37. b4 b6 38. c4 Nc6 39. Nd3 e5 40.
Bg4 Bf7 41. c5+ bxc5 42. bxc5+ Kc7 43. Bd1 Be6 44. Ba4 Kb7 45. Kd2 Kc7 46. Kc3
Nd4 47. Bd1 Nb5+ 48. Kb2 Kc6 49. Ba4 Bg8 50. Nxe5+ Kxc5 51. Nd7+ Kc6 52. Nf6
Be6 53. Nd5 Bxd5 54. exd5+ Kc5 55. Bxb5 Kxb5 56. Kb3 a4+ 57. Kc3 Kc5 58. d6
Kxd6 59. Kb4 h5 60. Kxa4 h4 61. Kb5 Ke5 62. a4 Kf5 63. a5 Kg4 64. gxh4 gxh4 65.
a6 Kg3 66. a7 Kxg2 67. a8=Q+ Kh2 68. Qg8 h3 69. Qg4 1-0